Les stars qui ont participé à Danse Avec Les Stars - Statistiques

Statistiques générales
  • Ce quiz a été pris 233 fois
    98 depuis la dernière actualisation
  • Le résultat moyen est 49 sur 137
Statistiques - réponses
Année de participation Indice Initiales Stars % Correct
Saison 11 (2021) YouTuber M Michou
84%
Saison 1 (2011) Chanteur MP M. Pokora
81%
Saison 13 (2024) Humoriste IR Inès Reg
76%
Saison 13 (2024) Chanteuse NSP Natasha St-Pier
74%
Saison 3 (2012) Athlète de Roller TK Taïg Khris
72%
Saison 13 (2024) Chanteuse / Professeur de chant AT Adeline Toniutti
69%
Saison 13 (2024) Miss France / Animatrice radio DL Diane Leyre
68%
Saison 4 (2013) Chanteuse A Alizée
65%
Saison 13 (2024) Animatrice TV / Styliste / Mannequin CC Cristina Córdula
63%
Saison 9 (2018) Miss France / Présentatrice TV IM Iris Mittenaere
63%
Saison 13 (2024) Drag Queen K Keiona
63%
Saison 13 (2024) Influenceur NC Nico Capone
63%
Saison 13 (2024) Chanteuse CdeP Cœur de pirate
59%
Saison 2 (2011) Chanteuse / Actrice S Shy'm
59%
Saison 13 (2024) Chanteur BM Black M
57%
Saison 13 (2024) Femme d’affaires CM Caroline Margeridon
57%
Saison 6 (2015) Chanteur LN Loïc Nottet
57%
Saison 11 (2021) Chanteur T Tayc
57%
Saison 3 (2012) Chanteuse AB Amel Bent
51%
Saison 11 (2021) Chanteur BH Bilal Hassani
51%
Saison 8 (2017) Chroniqueuse TV / Femme d'affaires HS Hapsatou Sy
50%
Saison 13 (2024) Acteur JD James Denton
50%
Saison 7 (2016) Miss France ST Sylvie Tellier
50%
Saison 12 (2022) Miss France AP Amandine Petit
49%
Saison 7 (2016) Candidat aventurier TV / Animateur TV LM Laurent Maistret
49%
Saison 5 (2014) Acteur RB Rayane Bensetti
47%
Saison 13 (2024) Humoriste RD Roman Doduik
47%
Saison 12 (2022) Chanteur / Acteur / Présentateur TV BC Billy Crawford
46%
Saison 12 (2022) Judoka / Personnalité politique DD David Douillet
46%
Saison 7 (2016) Humoriste / Acteur A Artus
44%
Saison 8 (2017) Nageur CL Camille Lacourt
44%
Saison 8 (2017) Miss France / Présentatrice TV EG Élodie Gossuin
44%
Saison 3 (2012) Chanteur EM Emmanuel Moire
44%
Saison 4 (2013) Chanteur KV Keen'V
44%
Saison 4 (2013) Chanteuse T Tal
44%
Saison 8 (2017) Mannequin / Miss Belge / Presentatrice TV TS Tatiana Silva
44%
Saison 2 (2011) Miss France / Animatrice tv VB Valérie Bègue
43%
Saison 1 (2011) Humoriste JMB Jean-Marie Bigard
40%
Saison 11 (2021) Chanteuse W Wejdene
40%
Saison 7 (2016) Chanteuse / Actrice CL Camille Lou
38%
Saison 7 (2016) Présentatrice TV KF Karine Ferri
38%
Saison 3 (2012) Escrimeuse LF Laura Flessel
38%
Saison 3 (2012) Chanteuse / Actrice L Lorie
38%
Saison 1 (2011) Chanteuse / Actrice SE Sofia Essaïdi
38%
Saison 10 (2019) Commentateur sportif YR Yoann Riou
38%
Saison 6 (2015) Influenceuse EP EnjoyPhoenix
37%
Saison 12 (2022) Humoriste / Acteur FP Florent Peyre
37%
Saison 7 (2016) Magicien K Kamel le Magicien
37%
Saison 12 (2022) Influenceuse LE Léa Elui
37%
Saison 5 (2014) Patineuse artistique NP Nathalie Péchalat
37%
Saison 2 (2011) Patineur artistique PC Philippe Candeloro
37%
Saison 11 (2021) Miss France / Chanteuse VC Vaimalama Chaves
37%
Saison 9 (2018) Rugbyman VM Vincent Moscato
37%
Saison 9 (2018) Footballeur BB Basile Boli
35%
Saison 4 (2013) Danseur / Chorégraphe BZ Brahim Zaibat
35%
Saison 9 (2018) Acteur CR Clément Rémiens
35%
Saison 1 (2011) Footballeur DG David Ginola
35%
Saison 6 (2015) Footballeur DC Djibril Cissé
35%
Saison 10 (2019) Candidat aventurier TV / Animateur TV M Moundir
35%
Saison 8 (2017) Présentateur TV VC Vincent Cerutti
35%
Saison 1 (2011) Mannequin / animatrice TV AK Adriana Karembeu
34%
Saison 8 (2017) Acteur / Chanteur AG Agustín Galiana
34%
Saison 9 (2018) Influenceuse CG Carla Ginola
34%
Saison 7 (2016) Influenceuse CR Caroline Receveur
34%
Saison 11 (2021) Mannequin / Chanteuse / Actrice DVT Dita von Teese
34%
Saison 4 (2013) Acteur LO Laurent Ournac
34%
Saison 9 (2018) Actrice PA Pamela Anderson
34%
Saison 1 (2011) Actrice RdP Rossy de Palma
34%
Saison 7 (2016) Présentatrice TV VD Valérie Damidot
34%
Saison 12 (2022) Chanteuse CL Carla Lazzari
32%
Saison 12 (2022) Candidate aventurière TV / Présentatrice TV CC Clémence Castel
32%
Saison 10 (2019) Influenceur HP Hugo Philip
32%
Saison 10 (2019) Athlète handisport de natation SEG Sami El Gueddari
32%
Saison 4 (2013) Humoriste / Acteur T Titoff
32%
Saison 5 (2014) Patineur artistique BJ Brian Joubert
31%
Saison 11 (2021) Chanteuse L Lââm
31%
Saison 8 (2017) Chanteur LK Lenni-Kim
31%
Saison 10 (2019) Miss France / Actrice / Présentatrice TV LH Linda Hardy
31%
Saison 9 (2018) Chanteuse / Actrice L Lio
31%
Saison 2 (2011) Chanteuse N Nâdiya
31%
Saison 6 (2015) Chanteur VN Vincent Niclo
31%
Saison 2 (2011) Mannequin BG Baptiste Giabiconi
29%
Saison 10 (2019) Actrice / Chanteuse EE Elsa Esnoult
29%
Saison 12 (2022) Chanteuse EQ Eva Queen
29%
Saison 7 (2016) Chanteur FM Florent Mothe
29%
Saison 9 (2018) Actrice HM Héloïse Martin
29%
Saison 11 (2021) Acteur / Chanteur JBM Jean-Baptiste Maunier
29%
Saison 7 (2016) Présentateur TV JL Julien Lepers
29%
Saison 7 (2016) Présentateur TV OM Olivier Minne
29%
Saison 9 (2018) Mannequin / Acteur TT Terence Telle
29%
Saison 10 (2019) Athlète LD Ladji Doucouré
28%
Saison 10 (2019) Chanteuse / Imitatrice / Actrice / Présentatrice TV LF Liane Foly
28%
Saison 6 (2015) Chanteur OD Olivier Dion
28%
Saison 6 (2015) Chanteuse / Actrice PB Priscilla Betti
28%
Saison 11 (2021) Actrice AP Aurélie Pons
26%
Saison 11 (2021) Actrice LL Lucie Lucas
26%
Saison 5 (2014) Chanteuse / Actrice OW Ophélie Winter
26%
Saison 12 (2022) Acteur TDC Thomas Da Costa
26%
Saison 1 (2011) Musicien AM André Manoukian
25%
Saison 11 (2021) Humoriste / Acteur GC Gérémy Crédeville
25%
Saison 4 (2013) Miss France / Animatrice TV LT Laury Thilleman
25%
Saison 5 (2014) Humoriste AK Anthony Kavanagh
24%
Saison 8 (2017) Actrice / Chanteuse AD Arielle Dombasle
24%
Saison 1 (2011) Actrice MM Marthe Mercadier
24%
Saison 8 (2017) Chanteur / Musicien S Sinclair
24%
Saison 6 (2015) Humoriste VD Véronic DiCaire
24%
Saison 2 (2011) Actrice VJ Véronique Jannot
24%
Saison 9 (2018) Acteur AT Anouar Toubali
22%
Saison 2 (2011) Tennisman CP Cédric Pioline
22%
Saison 3 (2012) Chanteuse CB Chimène Badi
22%
Saison 3 (2012) Rugbyman CD Christophe Dominici
22%
Saison 8 (2017) Actrice JE Joy Esther
22%
Saison 5 (2014) Chanteur C Corneille
21%
Saison 3 (2012) Mannequin / Actrice EL Estelle Lefébure
21%
Saison 6 (2015) Actrice FB Fabienne Carat
21%
Saison 9 (2018) Humoriste / Acteur JJ Jeanfi Janssens
21%
Saison 6 (2015) Acteur / Humoriste TS Thierry Samitier
21%
Saison 5 (2014) Actrice TK Tonya Kinzinger
21%
Saison 10 (2019) Animatrice TV / Mannequin / Chanteuse CM Clara Morgane
19%
Saison 4 (2013) Chanteur DS Damien Sargue
19%
Saison 3 (2012) Acteur / Animateur TV GV Gérard Vives
19%
Saison 5 (2014) Chanteuse JJ Joyce Jonathan
19%
Saison 11 (2021) Actrice / Chanteuse LD Lola Dubini
19%
Saison 11 (2021) Candidat aventurier TV MN Moussa Niangane
19%
Saison 6 (2015) 1re dauphine de Miss France SV Sophie Vouzelaud
19%
Saison 12 (2022) Chanteuse A Anggun
18%
Saison 3 (2012) Chanteur BB Bastian Baker
18%
Saison 4 (2013) Actrice LM Laëtitia Milot
18%
Saison 5 (2014) Chanteuse LJ Louisy Joseph
18%
Saison 5 (2014) Acteur / Chanteur MAM Miguel Ángel Muñoz
18%
Saison 4 (2013) Mannequin NL Noémie Lenoir
18%
Saison 2 (2011) Chanteuse S Sheila
16%
Saison 12 (2022) Chanteur SL Stéphane Legar
16%
Saison 12 (2022) Acteur TF Théo Fernandez
16%
Saison 5 (2014) Chanteuse / Actrice ET Élisa Tovati
15%
Saison 2 (2011) Chanteur FL Francis Lalanne
15%
Saison 10 (2019) Acteur AD Azize Diabaté
13%
Aucun quiz correspondant
Distribution des résultats
% des personnes avec chaque résultat
Percentile par nombre de réponses
Votre historique - résultats
Vous n’avez pas pris ce quiz depuis la dernière actualisation